Perspectivas epistemológicas, culturales y didácticas en Educación en Ciencias y la formación de profesores: avances de investigación
I tiakina i:
| Ngā kaituhi matua: | , , , , , |
|---|---|
| Hōputu: | Pukapuka |
| Reo: | Pāniora |
| I whakaputaina: |
Bogotá
Universidad Distrital Francisco José de Caldas
2012
|
| Rangatū: | Enfasis, 7
|
| Ngā marau: | |
| Ngā Tūtohu: |
Tāpirihia he Tūtohu
Kāore He Tūtohu, Me noho koe te mea tuatahi ki te tūtohu i tēnei pūkete!
|
MARC
| LEADER | 00000cam a2200000 a 4500 | ||
|---|---|---|---|
| 001 | UCF7083 | ||
| 003 | CL-VaPUC | ||
| 008 | 130606e20120000CK |||||||||||||||||spa|d | ||
| 020 | |a 9789588782089 | ||
| 082 | 0 | 4 | |a 371.3 |b MOL |2 21 |
| 100 | |a Molina Andrade, Adela |e autora |9 569040 | ||
| 700 | 0 | |a Cifuentes, María Cristina |e author |9 569035 | |
| 700 | 0 | |a Reyes Roncancio, Jaime Duvan |e author |9 569036 | |
| 700 | 0 | |a Venegas Segura, Andrés Arturo |e author |9 569037 | |
| 700 | 0 | |a Pedreros, Rosa Inés |e author |9 569038 | |
| 700 | 0 | |a Castillo Ayala, Juan Carlos |e author |9 569039 | |
| 245 | 1 | 0 | |a Perspectivas epistemológicas, culturales y didácticas en Educación en Ciencias y la formación de profesores: avances de investigación |
| 300 | |a 184 p | ||
| 942 | |c BK | ||
| 945 | |d 20130606 00:00:00 |a dcastane | ||
| 260 | |a Bogotá |b Universidad Distrital Francisco José de Caldas |c 2012 | ||
| 650 | 0 | |a Formación profesional de profesores |9 307493 | |
| 650 | 0 | |a Capacitación docente |9 312871 | |
| 650 | 0 | |a Filosofía de las ciencias |9 256466 | |
| 650 | 0 | |a Epistemología |9 264994 | |
| 650 | 0 | |a Positivismo |9 269460 | |
| 583 | |a last modification |c 20130606 11:56:00 |k Rodrigo Vera | ||
| 490 | 0 | |a Enfasis, 7 | |
| 999 | |c 352008 |d 352006 | ||
| 952 | |0 0 |1 0 |4 0 |6 371_300000000000000_MOL_2012 |7 0 |8 A |9 456489 |a BIBCUR |b BIBCUR |d 2019-11-22 |i 4976320 |o 371.3 MOL 2012 |p 4976320 |r 2025-04-22 |w 2019-11-22 |y BK |k QUI | ||